Szóbeliség, írásbeliség és filozófia
Elmentve itt :
| Szerző: | |
|---|---|
| Adatforrás: | Philobibl |
| Forrásdokumentuma: | Erdélyi Múzeum 80.2018:4. 1-10. p. |
| Dokumentumtípus: | Cikk |
| Nyelv: | magyar |
| Kulcsszavak: | nyelvfilozófia írásbeliség szóbeliség |
| Online elérés: | szabadon hozzáférhető |
| LEADER | 00479nab a2200145 c 4500 | ||
|---|---|---|---|
| 001 | bibPHI00000470 | ||
| 005 | 20220719135320.8 | ||
| 008 | 220719s2018 rm 00010 hun d | ||
| 100 | 1 | |a Ullmann Tamás | |
| 245 | 1 | 0 | |a Szóbeliség, írásbeliség és filozófia |c Ullmann Tamás |
| 695 | |a nyelvfilozófia | ||
| 695 | |a írásbeliség | ||
| 695 | |a szóbeliség | ||
| 773 | 0 | |t Erdélyi Múzeum |g 80.2018:4. 1-10. p. | |
| 856 | 4 | 1 | |3 Full text |u https://eda.eme.ro/handle/10598/31309 |z szabadon hozzáférhető |